Obiekty światowego dziedzictwa UNESCO według państw - Statystyki

Ogólne statystyki
  • Ten quiz został rozwiązany 2 574 razy
  • Średni wynik to 16 z 20
Statystyki odpowiedzi
Obiekt Państwo % Poprawnych
Wielki Mur Chiny
99%
Piramidy w Gizie Egipt
99%
Statua Wolności Stany Zjednoczone
99%
Katedra w Norte-Dame Francja
98%
Akropol Grecja
97%
Tadż Mahal Indie
95%
Katedra w Kolonii Niemcy
95%
Kreml i Plac Czerwony Rosja
95%
Wielka Rafa Koralowa Australia
94%
Starożytne Kioto Japonia
93%
Machu Picchu Peru
91%
Wsie w Transylwanii Rumunia
88%
Teotihuacan Meksyk
83%
Dolomity Włochy
77%
Park Narodowy Kilimandżaro Tanzania
73%
Wyspy Galapagos Ekwador
64%
Petra Jordania
61%
Angkor Kambodża
51%
Potosí Boliwia
31%
Park Narodowy Tikal Gwatemala
23%
Nie znaleziono quizów pasujących do podanych kryteriów
Rozkład punktacji
Procent ludzi z każdym wynikiem
Percentyl według liczby udzielonych odpowiedzi
Twoja historia wyników
Nie rozwiązałeś tego quizu